| 000 | 00627nam a22001937a 4500 | ||
|---|---|---|---|
| 003 | CEME | ||
| 005 | 20210628204038.0 | ||
| 008 | 210114b xxu||||| |||| 00| 0 eng d | ||
| 020 | _a9781133284314 | ||
| 040 | _cceme | ||
| 082 | _a629.254 SAN | ||
| 100 |
_aSantini, Al _968415 |
||
| 245 | _aAutomotive electricity and electronics | ||
| 250 | _a2ND | ||
| 260 |
_aUSA _bDELMARE _c2013 |
||
| 300 | _aXX, 517P | ||
| 650 |
_aAUTOMOTIVE ELECTRICITY.AUTOMOTIVE ELECTRONICS.AUTOMOTIVE SAFETY AND COMMUNICATION.AUTOMOTIVE CIRCUITS.AUTOMOTIVE WIRING DIAGRAMS.BETTERIES.CHARGING SYSTEMS.IGNITION SYSTEMS. _968416 |
||
| 942 |
_cBK _2ddc |
||
| 999 |
_c576001 _d576001 |
||